Recorridos didácticos en la educación inicial
Uloženo v:
| Hlavní autor: | |
|---|---|
| Médium: | Kniha |
| Jazyk: | španělština |
| Vydáno: |
Buenos Aires.
Paidós.
c2000.
|
| Témata: | |
| Tagy: |
Přidat tag
Žádné tagy, Buďte první, kdo vytvoří štítek k tomuto záznamu!
|
MARC
| LEADER | 00000nam a22000005a 4500 | ||
|---|---|---|---|
| 001 | 21135 | ||
| 003 | CL-ChBUA | ||
| 005 | 20120815103805.0 | ||
| 008 | 070301s2000 ag 000 0 spa | ||
| 040 | |a CL-ChBUA |c CL-ChBUA | ||
| 082 | 0 | 0 | |a -2 |
| 090 | |c 21135 |d 21135 | ||
| 100 | 1 | |a Malajovich, Ana., comp. | |
| 245 | 1 | 0 | |a Recorridos didácticos en la educación inicial |
| 260 | |b Paidós. |a Buenos Aires. |c c2000. | ||
| 300 | |a 327 p. |c 23 cm. | ||
| 650 | 4 | |a EDUCACION BASICA - CURRICULUM. | |
| 650 | 4 | |a METODOS DE ENSEÑANZA. | |
| 650 | 4 | |a PROFESORES - FORMACION PROFESIONAL. | |
| 942 | |c LIB | ||
| 952 | |0 0 |1 0 |4 0 |7 0 |9 28674 |a UNACH |b UNACH |c 300 |d 2007-03-05 |i 36.142. |l 0 |o 370.19 R 294 |p 29673 |r 2019-06-19 00:00:00 |u 28674 |w 2012-08-08 |y LIB |k 370.19 R 294 | ||
| 999 | |c 21135 |d 21135 | ||